000 00640nam a2200241Ia 4500
003 OSt
005 20220918201856.0
006 a|||||r|||| 00| 0
007 ta
008 220917b |||||||| |||| 00| 0 eng d
024 _a97,147
037 _cTextual
040 _aARTS
_cARTS
_beng
041 _2eng
_aeng
082 _aV2:2:9Z, J52
110 _aIndai Law (Minsitry of -)
_9101139
245 0 _aOrders issued under the constitution of India
260 _aNA
_bNA
_c1955
650 _aHISTORY
700 _aIndai Law (Minsitry of -)
_9101140
942 _hV2:2:9Z, J52
_cTEXL
_2CC
999 _c220745
_d220745